U.S. Presidents by Four Letters - Statistics

General Stats
  • This quiz has been taken 584 times
  • The average score is 4 of 6
Answer Stats
President % Correct
George H. W. Bush
86%
George W. Bush
86%
James K. Polk
77%
Gerald Ford
74%
William Howard Taft
73%
Rutherford B. Hayes
23%
No matching quizzes found
Score Distribution
Percent of People with Each Score
Percentile by Number Answered
Your Score History
You have not taken this quiz